| 000 | 00957nas a2200325 4500 | ||
|---|---|---|---|
| 001 | BR0700782 | ||
| 003 | BR-BrBNA | ||
| 005 | 20231205110549.0 | ||
| 007 | ta | ||
| 008 | 230509b bl.|||p| |||| 00| 00por d | ||
| 040 |
_aBR-BrBNA _bpor _cBiblioteca Nacional de Agricultura |
||
| 041 | _a(Pt) | ||
| 072 | _aL53 | ||
| 100 | 1 | _aMaffili, V.V. | |
| 100 | 1 | _aTorres, C.A.A. | |
| 100 | 1 | _aFonseca, J.F. | |
| 100 | 1 | _aMoraes, E.A. | |
| 100 | 1 | _aPontes, R.A.M. | |
| 245 | 1 | _aSincronização de estro em cabras da raça Saanen com esponja intravaginal e CIDR-G | |
| 650 | _aCABRA | ||
| 650 | _aRAÇA | ||
| 650 | _aSINCRONIZAÇÃO DO CIO | ||
| 650 | _aESTRADIOL | ||
| 650 | _aPROGESTERONA | ||
| 650 | _aVAGINA | ||
| 650 | _aULTRA-SOM | ||
| 773 | 0 |
_tArquivo Brasileiro de Medicina Veterinária e Zootecnia (Brazil) _xISSN 1678-4162 _g(Oct 2005), v. 57(5) p. 591-598 _wBR0700782 |
|
| 909 |
_a202311 _bLúcia _c55 _dLúcia Elande |
||
| 942 |
_2AGRIS _n0 _cANA |
||
| 999 |
_c187937 _d187937 |
||